00889nam a22001937a 450000500170000000800400001702000150005705000250007210000350009724501350013225000110026726001590027830000210043750400340045860000450049265000590053765000430059671000560063920220912132312.0140702t mx |||| |||| 00| 0 spa d a9707123478 aKGF2530.S9bC33 20041 aCabrera Acevedo, Lucio,eautor13aLa Suprema Corte de Justicia durante el gobierno del Presidente Luis Echeverría Álvarez (1971-1976) c/ Lucio Cabrera Acevedo. a1a ed. aMéxico :bDirección General de la Coordinación de Compilación y Sistematización de Tesis de la Suprema Corte de Justicia de la Nación, cc2004 a269 p. ;c33 cm. aBibliografía : p. 267 - 2691 aEcheverría Álvarez, Luis,d1971-1976 72lembaAdministración de justiciaxHistoriazMéxico 72lembaPresidentesy1971-1976zMéxico2 aSuprema Corte de Justicia de la Nación (México)